| 000 | 00641nam a2200145Ia 4500 | ||
|---|---|---|---|
| 008 | 100204s9999 xx 000 0 und d | ||
| 082 | _b17068 | ||
| 100 | _aदेशपांडे वि. भा. - संपा | ||
| 245 | _aगानयोगी पं. मल्लिकार्जुन मन्सूर | ||
| 260 |
_b"पृथ्वी प्रकाशन , पुणे" _c1993 |
||
| 300 | _a200 | ||
| 630 | _aगानयोगी पं. मल्लिकार्जुन मन्सूर | ||
| 730 | _aगानयोगी पं. मल्लिकार्जुन मन्सूर | ||
| 942 | _cBOOK | ||
| 999 |
_c461491 _d461488 |
||